[Event "49th WJun"]
[Site "Chotowa POL"]
[Date "2010.08.06"]
[Round "4"]
[White "Andreikin,D"]
[Black "Yilmaz,M"]
[Result "1-0"]
[WhiteElo "2650"]
[BlackElo "2479"]

1.c4 c6 2.e4 d5 3.exd5 cxd5 4.cxd5 Nf6 5.Nc3 Nxd5 6.Nf3 Nc6 7.d4 Bg4 8.Qb3 Bxf3
9.gxf3 e6 10.Qxb7 Nxd4 11.Bb5+ Nxb5 12.Qc6+ Ke7 13.Qxb5 Qd7 14.Nxd5+ Qxd5
15.Bg5+ f6 16.Qxd5 exd5 17.Be3 Ke6 18.O-O-O Bb4 19.Kb1 Rhd8 20.Rd3 a6 21.Rg1 g5
22.f4 h6 23.fxg5 hxg5 24.h4 gxh4 25.Rg4 Bd6 26.Rxh4 Rac8 27.Bd4 Rh8 28.Re3+ Kf7
29.Rxh8 Rxh8 30.Kc2 Rc8+ 31.Kd3 Rc1 32.Rf3 Rd1+ 33.Ke3 Be7 34.Rf4 Re1+ 35.Kd3 Re6
36.Rf5 Rd6 37.Rh5 Kg6 38.Rh8 Rc6 39.a4 Kf5 40.a5 Bd6 41.Ra8 Bc7 42.Rc8 Ke6
43.b4 Rc4 44.b5 axb5 45.a6 Be5 46.Rxc4 dxc4+ 47.Kc3 Bb8 48.a7 Bxa7 49.Bxa7 Ke5
50.Bd4+ Kf5 51.Kb4 Ke4 52.Be3 Kf3 53.Kc3 Ke4 54.f4 Kxe3 55.f5 b4+ 56.Kxc4  1-0

[Event "Politiken Cup"]
[Site "Copenhagen DEN"]
[Date "2010.08.06"]
[Round "8"]
[White "Hoel,J"]
[Black "Pedersen,JanK"]
[Result "0-1"]
[WhiteElo "1824"]
[BlackElo "2061"]

1.c4 c6 2.d4 d5 3.Nf3 Nf6 4.e3 Nbd7 5.b3 dxc4 6.bxc4 g6 7.Be2 Ne4 8.O-O Bg7
9.Bb2 O-O 10.Nc3 Ndf6 11.Nxe4 Nxe4 12.Nd2 Nd6 13.Nb3 Re8 14.Rc1 a5 15.Nc5 Qc7
16.Qb3 h5 17.d5 Nf5 18.Bxg7 Kxg7 19.Qc3+ Kh7 20.e4 Nh6 21.Qd2 Qd6 22.Nd3 cxd5
23.cxd5 e6 24.dxe6 Bxe6 25.Qb2 Rab8 26.Rfd1 Qe7 27.Nc5 Rec8 28.Nxe6 Qxe6
29.Bf3 a4 30.a3 Ng4 31.Bxg4 Qxg4 32.Qf6 Kg8 33.f3 Rxc1 34.fxg4 Rxd1+ 35.Kf2 hxg4
36.Kg3 Re8 37.Kxg4 Rxe4+ 38.Kf3 Rf1+  0-1

[Event "GM"]
[Site "Stara Pazova SRB"]
[Date "2010.08.07"]
[Round "9"]
[White "Milenkovic,M"]
[Black "Popchev,M"]
[Result "1/2-1/2"]
[WhiteElo "2380"]
[BlackElo "2502"]

1.c4 c6 2.d4 d5 3.Nc3 Nf6 4.cxd5 cxd5 5.Nf3 Nc6 6.Bf4 Bf5 7.e3 e6 8.Bd3 Bxd3
9.Qxd3 Bd6 10.Bxd6 Qxd6 11.O-O O-O 12.Rac1 Rfc8 13.a3 h6 14.b4 Qe7 15.Rc2 Nd7
16.Rfc1 Nb6 17.Nd2 Qd7 18.Ne2 Ne7 19.Rxc8+ Rxc8 20.Rxc8+ Nexc8 21.Qc3 Qc6
22.Nb3 Qxc3 23.Nxc3  1/2-1/2

[Event "Politiken Cup"]
[Site "Copenhagen DEN"]
[Date "2010.08.08"]
[Round "10"]
[White "Carlstedt,J"]
[Black "Rasmussen,A"]
[Result "0-1"]
[WhiteElo "2379"]
[BlackElo "2510"]

1.c4 c6 2.g3 d5 3.Nf3 Nf6 4.Bg2 Bf5 5.cxd5 cxd5 6.Qb3 Bc8 7.Nc3 Nc6 8.d3 e6
9.Bf4 Be7 10.O-O O-O 11.e4 d4 12.Nb5 a6 13.Na3 Nd7 14.Rfc1 e5 15.Bd2 Nc5
16.Qc2 f5 17.Nc4 fxe4 18.Nfxe5 Bf5 19.Nxc6 bxc6 20.Ba5 Qe8 21.Ne5 Bd6 22.Qc4+ Be6
23.Qxd4 Bxe5 24.Qxc5 Bxb2 25.Bxe4 Qf7 26.Bb4 Bxa1 27.Rxa1 Rfc8 28.Re1 Bxa2
29.Bc3 Bd5 30.Bxh7+ Kxh7 31.Re7 Rab8 32.f4 Qg6 33.Rxg7+ Qxg7 34.Bxg7 Kxg7
35.Qe7+ Kg8 36.Qg5+ Kf7 37.g4 Re8 38.Qf5+ Kg7 39.Qg5+ Kf7 40.Qf5+ Ke7 41.h4 Kd6
42.h5 Re2 43.Qg6+ Be6 44.d4 Rbb2 45.Kf1 Rec2  0-1

[Event "Politiken Cup"]
[Site "Copenhagen DEN"]
[Date "2010.08.08"]
[Round "10"]
[White "Christiansen,Johan-Sebastian"]
[Black "Torner Planell,Jos"]
[Result "0-1"]
[WhiteElo "1921"]
[BlackElo "2034"]

1.c4 c6 2.g3 d5 3.cxd5 cxd5 4.Bg2 Nf6 5.Nf3 Nc6 6.d4 Bf5 7.O-O e6 8.Bg5 Be7
9.Nc3 h6 10.Bf4 O-O 11.Qb3 Na5 12.Qa4 a6 13.b4 Nc4 14.Qb3 Ne4 15.Nxe4 Bxe4
16.b5 g5 17.Bc1 Qa5 18.bxa6 bxa6 19.h4 Rab8 20.Qd1 Bxf3 21.Bxf3 Qc3 22.Be3 Nxe3
23.fxe3 Qxe3+ 24.Kg2 gxh4 25.Qa4 Qg5 26.g4 Qf4 27.Qxa6 Qg3+ 28.Kh1 Bd6 29.Rf2 Ra8
30.Qb6 Rfb8 31.Qc6 Rc8 32.Qb6 Bc7 33.Qb1 Qxf2 34.Qg1 Qxg1+ 35.Kxg1 Bf4 36.Kf2 Rc1
37.Rxc1 Bxc1 38.Ke1 Rxa2 39.Kd1 Be3 40.g5 hxg5 41.Bh5 h3 42.Bxf7+ Kxf7 43.Ke1 Ra1+  0-1

[Event "Open"]
[Site "Minsk BLR"]
[Date "2010.08.08"]
[Round "5"]
[White "Leontiev,Alek"]
[Black "Gazizov,I"]
[Result "1/2-1/2"]
[WhiteElo "2304"]
[BlackElo "2220"]

1.c4 c6 2.e4 d5 3.exd5 cxd5 4.d4 Nf6 5.Nc3 e6 6.c5 Be7 7.Nf3 O-O 8.Qc2 b6
9.b4 a5 10.Na4 axb4 11.Nxb6 Ra5 12.Ne5 Qc7 13.Qb2 Ba6 14.Bf4 Qa7 15.Bxa6 Qxa6
16.Bd2 Bd8 17.Bxb4 Bxb6 18.cxb6 Rb5 19.Qa3 Rc8 20.O-O Qxb6 21.Rfc1 Re8 22.Bc5 Qb7
23.Qd3 Nbd7 24.Bd6 Nxe5 25.dxe5 Ne4 26.a4 Rb2 27.Rc2 Rb1+ 28.Rc1 Rb2 29.Rc2  1/2-1/2

[Event "7th CHN-RUS"]
[Site "Ningbo CHN"]
[Date "2010.08.08"]
[Round "4"]
[White "Bu Xiangzhi"]
[Black "Potkin,V"]
[Result "1/2-1/2"]
[WhiteElo "2676"]
[BlackElo "2626"]

1.c4 c6 2.Nf3 d5 3.d4 Nf6 4.Nc3 e6 5.Bg5 h6 6.Bxf6 Qxf6 7.Qb3 dxc4 8.Qxc4 Nd7
9.e3 Qe7 10.Qb3 g6 11.Bd3 Bg7 12.O-O O-O 13.Rad1 Rd8 14.Rfe1 b6 15.Qa4 Bb7
16.Ba6 Bxa6 17.Qxa6 c5 18.h3 cxd4 19.exd4 Qb4 20.Qe2 Qa5 21.d5 Bxc3 22.bxc3 exd5
23.Qd2 Re8 24.Rxe8+ Rxe8 25.Qxh6 Qxc3 26.Rxd5 Nf6 27.Rd4 Re4 28.Rd1 Re8 29.Rd4 Re4
30.Rd1 Re8  1/2-1/2

[Event "Negroponte Open"]
[Site "Chalkis GRE"]
[Date "2010.08.10"]
[Round "2"]
[White "Ghaem Maghami,E"]
[Black "Malikentzos,S"]
[Result "1-0"]
[WhiteElo "2585"]
[BlackElo "2239"]

1.c4 c6 2.e4 d5 3.cxd5 cxd5 4.exd5 Nf6 5.Nc3 Nxd5 6.Nf3 e6 7.d4 Bb4 8.Bd2 Nc6
9.Bd3 O-O 10.O-O Nf6 11.Bg5 Be7 12.a3 b6 13.Re1 Bb7 14.Bc2 Rc8 15.h4 Re8
16.Rc1 a6 17.Qd2 g6 18.Rcd1 Na5 19.Ne5 Nc4 20.Nxc4 Rxc4 21.Bb3 Rc8 22.Qf4 Nd5
23.Bxd5 Bxd5 24.Bxe7 Rxe7 25.h5 Rd7 26.h6 Bb7 27.Qe5 Qf8 28.d5 Rxc3 29.dxe6 Rxd1
30.e7 Rxe1+ 31.Qxe1  1-0

[Event "28th WJun Girls"]
[Site "Chotowa POL"]
[Date "2010.08.10"]
[Round "7"]
[White "Lach,A"]
[Black "Labedz,P"]
[Result "1-0"]
[WhiteElo "2179"]
[BlackElo "2076"]

1.c4 c6 2.Nf3 d5 3.e3 Nf6 4.Qc2 e6 5.b3 Nbd7 6.Bb2 Bd6 7.Nc3 a6 8.Be2 b5
9.d3 e5 10.g4 b4 11.Na4 dxc4 12.dxc4 Qe7 13.g5 Ng8 14.O-O-O Bb7 15.Nh4 g6
16.Bg4 f5 17.Bxf5 O-O-O 18.Bxd7+ Rxd7 19.Nb6+ Kc7 20.Nxd7 c5 21.Rxd6 Bxh1
22.Bxe5 Qxd6 23.Qd1 Qxe5 24.Nxe5 Bc6 25.Nf7  1-0

[Event "Open"]
[Site "Minsk BLR"]
[Date "2010.08.10"]
[Round "7"]
[White "Leontiev,Alek"]
[Black "Abramenko,S"]
[Result "0-1"]
[WhiteElo "2304"]
[BlackElo "2155"]

1.c4 c6 2.e4 d5 3.exd5 cxd5 4.d4 Nf6 5.Nc3 e6 6.c5 Be7 7.Nf3 O-O 8.a3 Ne4
9.Qc2 f5 10.b4 b6 11.Bd3 bxc5 12.bxc5 Bf6 13.O-O Nc6 14.Ne2 Qa5 15.Bb2 Rb8
16.Rfd1 Bd7 17.Ne1 Ne7 18.Rdb1 Ba4 19.Qc1 Nc6 20.f3 Bg5 21.f4 Bf6 22.Nf3 Rb3
23.Bc2 Rb7 24.Ne5 Bxe5 25.fxe5 Bxc2 26.Qxc2 Qd2 27.Qxd2 Nxd2  0-1

[Event "14th HZ Open"]
[Site "Vlissingen NED"]
[Date "2010.08.10"]
[Round "5"]
[White "Colijn,S"]
[Black "Wahedi,A"]
[Result "1/2-1/2"]
[WhiteElo "2174"]
[BlackElo "2295"]

1.c4 c6 2.d4 d5 3.e3 e6 4.Nf3 f5 5.Bd3 Nf6 6.O-O Bd6 7.b3 O-O 8.Ba3 Bxa3
9.Nxa3 Ne4 10.Ne5 Nd7 11.Nxd7 Bxd7 12.f3 Nf6 13.Nb1 Qe7 14.Nc3 Kh8 15.e4 e5
16.exd5 exd4 17.Re1 Qd6 18.dxc6 bxc6 19.Ne2 c5 20.Qd2 Rfe8 21.Qf4 Re5 22.Red1 Rae8
23.b4 Nh5 24.Qh4 Qh6 25.bxc5 Rxe2 26.Bxe2 Rxe2 27.Qd8+ Be8 28.Kf1 Nf4 29.Re1 Qg6
30.Rxe2 Nxe2 31.Kxe2 Qxg2+ 32.Kd3 Qxf3+ 33.Kxd4 Qe2 34.Kc3 h6 35.Rd1 Kh7
36.Qd6 Qxa2 37.c6 Qa5+ 38.Kd3 f4 39.c7 Bg6+ 40.Kd4 Qf5 41.Qd8 Qe4+ 42.Kc5 Qe3+
43.Rd4 Qa3+ 44.Kd5 Bf7+ 45.Ke5 Qe3+ 46.Re4 Qc5+ 47.Kxf4 Qf2+ 48.Ke5 Qc5+
49.Kf4 Qf2+ 50.Ke5  1/2-1/2

[Event "FSIMB August"]
[Site "Budapest HUN"]
[Date "2010.08.11"]
[Round "5"]
[White "Petran,Pa"]
[Black "Martynov,P2"]
[Result "1-0"]
[WhiteElo "2372"]
[BlackElo "2190"]

1.c4 c6 2.e4 d5 3.exd5 cxd5 4.d4 Nf6 5.Nc3 e6 6.Nf3 Bb4 7.Bd3 dxc4 8.Bxc4 Nd5
9.Qd3 Nc6 10.O-O Be7 11.a3 O-O 12.Re1 Bf6 13.Ba2 Nde7 14.Be3 g6 15.Rad1 Bg7
16.Bg5 Qb6 17.b4 Nf5 18.d5 Ncd4 19.Nd2 f6 20.dxe6 Bxe6 21.Bxe6+ Nxe6 22.Nc4 Qd4
23.Rxe6 fxg5 24.Nb5 Qxd3 25.Rxd3 Rfe8 26.Rxe8+ Rxe8 27.Kf1 a6 28.Nc7 Re7
29.Rd8+ Kf7 30.Nd5 Re4 31.Ncb6 Nd4 32.f3 Re8 33.Rd7+ Kg8 34.Rxb7 Nc2 35.Nc4 Bd4
36.Re7 Rc8 37.Nc7 Kf8 38.Rxh7 Bg7 39.Ne6+ Kf7 40.Nd6+ Kxe6 41.Nxc8 Kf7 42.Nd6+ Kg8
43.Rxg7+ Kxg7 44.b5 axb5 45.Nxb5  1-0

[Event "7th Marques Prol"]
[Site "Santos BRA"]
[Date "2010.08.11"]
[Round "4"]
[White "Van Riemsdijk,D"]
[Black "Aranha Filho,A"]
[Result "0-1"]
[WhiteElo "2213"]
[BlackElo "2292"]

1.c4 c6 2.Nf3 d5 3.e3 Nf6 4.b3 Bg4 5.Be2 Nbd7 6.Bb2 e6 7.h3 Bh5 8.O-O Bd6
9.cxd5 cxd5 10.Nd4 Bg6 11.f4 O-O 12.Nc3 a6 13.Rc1 e5 14.fxe5 Bxe5 15.Nf5 Re8
16.Ba3 Bxf5 17.Rxf5 d4 18.exd4 Bxd4+ 19.Kh1 Ne5 20.Bf3 Nd3 21.Bxb7 Nxc1 22.Qxc1 Qd7
23.Bxa8 Qxf5 24.Bf3 Nh5 25.Bd6 Be5 26.Bxe5 Qxe5 27.Bxh5 Qxh5 28.Ne4 Qf5 29.d3 h6
30.Qc4 Re6 31.Qc5 Qf4 32.Qc2 Kh7 33.Qc4 Rg6 34.Qc2 Qf1+ 35.Kh2 f5 36.Qf2 Qxf2
37.Nxf2 Rc6 38.Kg3 Rc2 39.a4 g5 40.Kf3 h5 41.g4 fxg4+ 42.hxg4 h4 43.b4 Rb2
44.b5 axb5 45.axb5 Rxb5 46.Ke4 Rb2 47.Kf3 Kg6 48.Ke3 Kg7 49.Kf3 Ra2 50.Ke3 Kf8
51.Nh3 Ra5 52.Ke4 Kf7 53.Ke3 Re5+ 54.Kf3 Ke6 55.d4 Ra5 56.Ke4 Kd6 57.Kf3 Ra3+  0-1

[Event "Bicentenario GM"]
[Site "Villa Martelli ARG"]
[Date "2010.08.11"]
[Round "8"]
[White "Flores,Di"]
[Black "Diaz Hollemaert,N"]
[Result "1-0"]
[WhiteElo "2584"]
[BlackElo "2474"]

1.c4 c6 2.Nf3 d5 3.d4 Nf6 4.Nc3 a6 5.g3 e6 6.Bg2 Nbd7 7.O-O Be7 8.Nd2 O-O
9.e4 dxc4 10.Nxc4 b5 11.Nd2 Bb7 12.e5 Nd5 13.Nxd5 cxd5 14.Nf3 Rc8 15.Re1 Qc7
16.Re2 Rfe8 17.Bf4 b4 18.Bf1 Nb6 19.h4 Qd7 20.Rd2 Nc4 21.Rc2 Bc6 22.Rac1 Bb5
23.Ne1 Nb6 24.Nd3 Rxc2 25.Rxc2 Rc8 26.Bd2 Rxc2 27.Qxc2 a5 28.b3 Qc6 29.Qxc6 Bxc6
30.Ne1 Nc8 31.Nc2 Na7 32.h5 Kf8 33.Bd3 g6 34.hxg6 hxg6 35.Kf1 Bb5 36.Ke2 Ke8
37.Bxb5+ Nxb5 38.Kd3 Kd7 39.Ne1 Na7 40.Ng2 Kc6 41.Ne3 Kb5 42.Ng4 Nc6 43.Be3 a4
44.Kc2 Nd8 45.Nh6 Bf8 46.Ng4 Be7 47.Kd3 Nc6 48.Kc2 Bd8 49.Kd3 Be7 50.f4 Na5
51.Kc2 Nc6 52.Nh2 Bf8 53.Nf3 Bh6 54.g4 Na5 55.Nd2 a3 56.Nf3 Nc6 57.Bc1 Na5
58.Ne1 Nc6 59.Kd3 Nd8 60.Be3 Bg7 61.Nf3 Nc6 62.Nh4 Na5 63.Kc2 Bh6 64.Nf3 Nc6
65.Bd2 Bf8 66.Kd3 Na5 67.Bc1 Bh6 68.Ne1 Nc6 69.Nc2 Bf8 70.Bd2 Bh6 71.Be3 Ne7
72.Bd2 Nc6 73.f5 Bxd2 74.Kxd2 gxf5 75.gxf5  1-0

[Event "Open"]
[Site "Geraardsbergen BEL"]
[Date "2010.08.12"]
[Round "4"]
[White "Tonoli,W"]
[Black "Saligo,P"]
[Result "1/2-1/2"]
[WhiteElo "2169"]
[BlackElo "1882"]

1.c4 c6 2.g3 Nf6 3.Bg2 d5 4.Nf3 Nbd7 5.b3 g6 6.cxd5 cxd5 7.Bb2 Bg7 8.O-O O-O
9.d4 b6 10.Nc3 Bb7 11.Rc1 Rc8 12.b4 a6 13.b5 Ne4 14.a4 Nxc3 15.Bxc3 a5 16.Qb3 e6
17.Bb2 Qf6 18.e3 Rfe8 19.Ne5 Nxe5 20.dxe5 Qf5 21.f4 Bf8 22.Bd4 Bc5 23.Bxc5 bxc5
24.Qc3 d4 25.exd4 Bxg2 26.Kxg2 Qe4+ 27.Kf2 cxd4 28.Qxc8 Qe3+ 29.Kg2 Rxc8
30.Rxc8+ Kg7 31.Rcc1 Qb3 32.Rb1 Qe3 33.b6 Qe4+ 34.Kh3 Qf5+ 35.g4 Qd3+ 36.Kg2 Qe4+
37.Kg3 Qd3+ 38.Kh4 h6 39.b7 g5+ 40.fxg5 hxg5+ 41.Kxg5 Qd2+ 42.Rf4 Qxh2 43.Rxf7+ Kxf7
44.b8=Q Qd2+ 45.Kh4 Qh2+ 46.Kg5 Qd2+  1/2-1/2

[Event "Negroponte Open"]
[Site "Chalkis GRE"]
[Date "2010.08.14"]
[Round "6"]
[White "Mastrovasilis,A"]
[Black "Sandipan,C"]
[Result "1/2-1/2"]
[WhiteElo "2539"]
[BlackElo "2637"]

1.c4 c6 2.e4 d5 3.exd5 cxd5 4.cxd5 Nf6 5.Nf3 Nxd5 6.Nc3 Nc6 7.Bb5 e6 8.O-O Be7
9.d4 O-O 10.Re1 Bd7 11.Bd3 Qb6 12.a3 Rfd8 13.Nxd5 exd5 14.Bg5 Re8 15.Bxe7 Rxe7
16.Rxe7 Nxe7 17.Qd2 Bg4 18.Re1 Nc6 19.Ne5 Be6 20.Nxc6 bxc6 21.Qc3 a5 22.f4 Re8
23.f5 Bd7 24.Rxe8+ Bxe8 25.b4 axb4 26.Qxb4 Qxb4 27.axb4 f6 28.g4 Kf8 29.Kf2 Ke7
30.Ke3  1/2-1/2

[Event "XI Miquel Mas Open"]
[Site "Figueres ESP"]
[Date "2010.08.14"]
[Round "4"]
[White "Carlstedt,J"]
[Black "Alonso Rosell,A"]
[Result "0-1"]
[WhiteElo "2379"]
[BlackElo "2521"]

1.c4 c6 2.g3 d5 3.Nf3 Nf6 4.Bg2 dxc4 5.O-O Nbd7 6.Qc2 Nb6 7.a4 a5 8.Na3 Be6
9.Ng5 Bg4 10.Nxc4 Bxe2 11.Ne5 Bh5 12.Re1 Nbd7 13.d4 e6 14.g4 Nxg4 15.Nexf7 Bxf7
16.Nxf7 Kxf7 17.Qe4 Bb4 18.Qxe6+ Kf8 19.Bf4 Ndf6 20.h3 Qxd4 21.hxg4 Qxf4
22.Re3 Re8 23.Qb3 Rxe3 24.fxe3 Qxg4 25.Rd1 Ke7 26.Rd4 Qe6 27.Qd1 Qxe3+ 28.Kh2 Qe5+  0-1

[Event "7th CHN-RUS Rapid"]
[Site "Ningbo CHN"]
[Date "2010.08.14"]
[Round "20"]
[White "Malakhov,V"]
[Black "Ni Hua"]
[Result "1-0"]
[WhiteElo "2732"]
[BlackElo "2645"]

1.c4 c6 2.Nf3 Nf6 3.e3 d5 4.Nc3 a6 5.Qc2 e6 6.b3 c5 7.cxd5 exd5 8.Bb2 Be7
9.Na4 Nbd7 10.d4 cxd4 11.Nxd4 Ne4 12.Bd3 Bb4+ 13.Nc3 Ndc5 14.O-O Bxc3 15.Bxc3 Nxd3
16.Qxd3 O-O 17.Rac1 Bd7 18.f3 Nc5 19.Qd2 Rc8 20.Rfd1 Re8 21.Ne2 Qe7 22.Nf4 Bc6
23.Bxg7 Kxg7 24.Qd4+ f6 25.Qxc5 Qxc5 26.Rxc5 Rxe3 27.Rdxd5 Re1+ 28.Kf2 Rce8
29.Rd2 Rh1 30.h3 Ree1 31.Rd6 Rd1 32.Nh5+ Kf7 33.Rxf6+ Ke7 34.Rg5 Rd2+ 35.Kg3  1-0

[Event "e2e4 Autumn Challengers D"]
[Site "Uxbridge ENG"]
[Date "2010.08.15"]
[Round "8"]
[White "Lindner,D"]
[Black "Harley Yeo,G"]
[Result "1-0"]
[WhiteElo "2249"]
[BlackElo "2024"]

1.c4 c6 2.g3 d5 3.Bg2 Nf6 4.Nf3 Bg4 5.cxd5 cxd5 6.Ne5 Be6 7.Nc3 Nfd7 8.d4 f6
9.Nd3 Nb6 10.Nc5 Bc8 11.Qb3 e6 12.e4 Nc6 13.Be3 Bxc5 14.dxc5 d4 15.Rd1 Qe7
16.cxb6 dxe3 17.f4 O-O 18.O-O Qc5 19.Na4 Qa5 20.Rfe1 axb6 21.Nxb6 Qxa2 22.Rxe3 Qxb3
23.Rxb3 Ra7 24.Bh3 f5 25.exf5 exf5 26.Nxc8 Rxc8 27.Bxf5 Re8 28.Rd2 g6 29.Bg4 Ra1+
30.Kg2 Re7 31.Bf3 Rc1 32.h4 Kg7 33.h5 Na5 34.Rb5 Nc4 35.Rf2 b6 36.hxg6 hxg6
37.b3 Ne3+ 38.Kh3 Re8 39.g4 Rh8+ 40.Kg3 Nf1+ 41.Rxf1 Rxf1 42.Rxb6 Rf8 43.b4 Rf6
44.Rb7+ Rf7 45.Rb6 Rf6 46.Rb7+ Rf7 47.Rb6  1-0

[Event "8th Gyorgy Marx GM"]
[Site "Paks HUN"]
[Date "2010.08.16"]
[Round "10"]
[White "Berkes,F"]
[Black "Acs,Peter"]
[Result "1/2-1/2"]
[WhiteElo "2670"]
[BlackElo "2602"]

1.c4 c6 2.e4 d5 3.exd5 cxd5 4.d4 Nf6 5.Nc3 e6 6.Nf3 Bb4 7.cxd5 Nxd5 8.Bd2 Nc6
9.Bd3 Be7 10.O-O O-O 11.a3 Nf6 12.Bg5 Nd5 13.Bd2 Nf6 14.Bg5 Nd5 15.Be3 Bf6
16.Ne4 b6 17.Nxf6+ Nxf6 18.Bg5 Bb7 19.Be4 Qd7 20.Bxf6 gxf6 21.Rc1 Ne7 22.Bxb7 Qxb7
23.Qd2 Rfc8 24.Qh6 Ng6 25.Rcd1 Rd8 26.Rfe1 Rd5 27.h4 Qe7 28.Rc1 Rad8 29.Rc3 Qd6
30.g3 Qf8 31.Qe3 Ne7 32.Rc7 R5d7 33.Rxd7 Rxd7 34.Rc1 Nd5 35.Qe4 Qd8 36.Rc4 Rc7
37.b3 Qd6 38.a4 a6 39.Qc2 b5 40.Rc5 Nb4 41.Qc3 Nd5 42.Qc1 bxa4 43.bxa4 a5
44.h5 Qb6 45.h6 Qb7 46.Ne5 Kf8 47.Nc6 Qb6 48.Kg2 Ke8 49.Qc4 Kd7 50.Rxd5+ exd5
51.Qxd5+ Kc8 52.Nxa5 Rd7 53.Qc4+ Rc7 54.Qb5 Qxb5 55.axb5 Rd7 56.Nb3 Rd5 57.Kf3 Rxb5
58.Nc5 Kd8 59.Ke4  1/2-1/2

[Event "XI Miquel Mas Open"]
[Site "Figueres ESP"]
[Date "2010.08.17"]
[Round "8"]
[White "Carlstedt,J"]
[Black "Vinardell Cruanas,S"]
[Result "1-0"]
[WhiteElo "2379"]
[BlackElo "1955"]

1.c4 c6 2.g3 d5 3.Nf3 Nf6 4.Bg2 Bf5 5.cxd5 cxd5 6.Qb3 Qd7 7.O-O Nc6 8.d4 e6
9.Nc3 Be7 10.Ne5 Qc8 11.Be3 Nd7 12.Nxc6 bxc6 13.Bf4 g5 14.Bc1 Rb8 15.Qd1 Bg6
16.e4 h6 17.Qe2 Nf6 18.exd5 cxd5 19.Re1 Qd8 20.h3 Rb4 21.Rd1 Bh5 22.g4 Bg6
23.a3 Rc4 24.f4 gxf4 25.Bxf4 Nd7 26.Re1 Nb6 27.Rad1 Qd7 28.Qe5 Rh7 29.Bf1 f6
30.Qxe6 Qxe6 31.Rxe6 Rc8 32.Ba6 Rd8 33.Bc7 Kf7 34.Rde1 Rd7 35.Bxb6 axb6 36.Bc8 Rc7
37.Nxd5  1-0

[Event "44th Magistral"]
[Site "Mislata ESP"]
[Date "2010.08.19"]
[Round "5"]
[White "Doncea,V"]
[Black "Camarena Gimenez,R"]
[Result "1-0"]
[WhiteElo "2460"]
[BlackElo "2402"]

1.c4 c6 2.e4 e5 3.Nf3 d6 4.d4 Nd7 5.Nc3 Ngf6 6.g3 Be7 7.Bg2 O-O 8.O-O a6
9.a4 exd4 10.Nxd4 g6 11.a5 Re8 12.b3 Bf8 13.h3 Nc5 14.Re1 Qc7 15.f4 Bg7 16.Kh2 h5
17.Ra2 Bd7 18.b4 Ne6 19.Be3 Nh7 20.Nde2 Bh6 21.Rd2 Bc8 22.Na4 Bf8 23.Qb1 Ng7
24.Bb6 Qe7 25.Bf2 f5 26.Nb6 Rb8 27.Nxc8 Rbxc8 28.exf5 Nxf5 29.Nd4 Qf7 30.Nxf5 Rxe1
31.Bxe1 gxf5 32.Qd3 d5 33.cxd5 Bxb4 34.dxc6 bxc6 35.Re2 Bxe1 36.Rxe1 h4 37.gxh4 Qf6
38.Qxa6 Rd8 39.Qxc6 Qxh4 40.Qg6+ Kh8 41.Re8+ Rxe8 42.Qxe8+ Kg7 43.Qe5+ Kg6
44.Qe8+ Kg7 45.Qe5+ Kg6 46.a6 Nf6 47.Kg1 Ne4 48.Bxe4 Qe1+ 49.Kh2 fxe4 50.f5+ Kf7
51.Qe6+ Kf8 52.Qa2 Qf1 53.Qa3+ Kf7 54.Qb3+ Kf6 55.Qe6+ Kg5 56.Qg6+ Kf4 57.Qg3+ Kxf5
58.a7 Qa1 59.Qg4+ Kf6 60.Qf4+ Kg7 61.Qg5+ Kh7 62.Qe7+ Kh6 63.Qf8+ Kh7 64.Qf7+ Kh6
65.Qf8+ Kh7 66.a8=Q Qb2+ 67.Kg3  1-0

[Event "Centenary GM"]
[Site "Dun Laoghaire IRL"]
[Date "2010.08.22"]
[Round "2"]
[White "Quinn,M"]
[Black "Astaneh Lopez,A"]
[Result "1-0"]
[WhiteElo "2377"]
[BlackElo "2367"]

1.c4 c6 2.Nf3 d5 3.d4 Nf6 4.Nc3 e6 5.Bg5 h6 6.Bh4 g5 7.Bg3 dxc4 8.h4 g4 9.Ne5 b5
10.h5 Bb4 11.Bh4 Qa5 12.Rc1 Ne4 13.Qc2 f5 14.a3 Bd6 15.Ng6 Rh7 16.g3 Nxc3
17.bxc3 Bxa3 18.Ra1 b4 19.Bg2 b3 20.Qd2 b2 21.Rb1 Qc7 22.O-O Nd7 23.e4 Nb6
24.Rfe1 f4 25.gxf4 Na4 26.f5 Qa5 27.Re3 Rb8 28.Ne5 Qb5 29.Nxg4 Be7 30.Bxe7 Rxe7
31.f6 Qg5 32.fxe7 Qxg4 33.Rg3 Qxh5 34.Qf4  1-0

[Event "6th Prospero A Pichay Cup"]
[Site "Manila PHI"]
[Date "2010.08.22"]
[Round "2"]
[White "Alidani,L"]
[Black "Dableo,R"]
[Result "0-1"]
[WhiteElo "1996"]
[BlackElo "2448"]

1.c4 c6 2.Nc3 d5 3.e3 Nf6 4.d4 a6 5.Bd3 b5 6.c5 g6 7.Nf3 Bg7 8.a3 O-O 9.Ne5 Nfd7
10.Nxd7 Nxd7 11.f4 f6 12.f5 gxf5 13.Bxf5 Nb8 14.O-O Bxf5 15.Rxf5 e6 16.Rh5 f5
17.Qf3 Nd7 18.Bd2 Nf6 19.Rh3 Qe8 20.Be1 Ne4 21.Qe2 e5 22.Nxe4 dxe4 23.dxe5 Bxe5
24.Rd1 Rd8 25.Bg3 Rxd1+ 26.Qxd1 Bg7 27.Bf4 Rf6 28.Rh5 h6 29.Rh3 a5 30.Rg3 Kh7
31.b3 Rf7 32.h4 Rd7 33.Qe1 Be5 34.Qf1 Rd5 35.b4 axb4 36.axb4 Bf6 37.h5 Qxh5
38.Rh3 Bh4 39.Kh2 Qg4 40.Qa1 Rd2 41.Qf1 Rf2 42.Qg1 Re2 43.Bg3 Bg5 44.Be5 Rd2
45.Rg3 Qh5+ 46.Rh3 Qe2 47.Bf4 Kg6 48.Kg3 Bxf4+ 49.exf4 Rd3+ 50.Kh2  0-1

[Event "6th Prospero A Pichay Cup"]
[Site "Manila PHI"]
[Date "2010.08.23"]
[Round "5"]
[White "Bagamasbad,E"]
[Black "Dableo,R"]
[Result "0-1"]
[WhiteElo "2259"]
[BlackElo "2448"]

1.c4 c6 2.Nf3 Nf6 3.Nc3 d5 4.e3 a6 5.b3 Bf5 6.Be2 h6 7.O-O Nbd7 8.d4 e6 9.Bb2 b5
10.a4 b4 11.Na2 a5 12.c5 g5 13.Nc1 Bg7 14.Nd3 Bxd3 15.Bxd3 Qc7 16.Rc1 O-O-O
17.Qe2 g4 18.Nd2 h5 19.e4 Bh6 20.e5 Nh7 21.Rc2 Rdg8 22.f4 Kb7 23.Bxh7 Rxh7
24.f5 Qd8 25.Bc1 Qh4 26.Qd3 Rgg7 27.Nb1 Bxc1 28.Rcxc1 Nf8 29.Nd2 exf5 30.Rxf5 Ne6
31.g3 Qh3 32.Nf1 h4 33.Rc2 hxg3 34.Nxg3 Ng5 35.Rd2 Nf3+ 36.Rxf3 gxf3 37.Qxf3 Rg4
38.Qf2 Qh6 39.Rd3 Rf4 40.Qd2 Qh4 41.Nf1 Qg5+ 42.Ng3 Qg4 43.Qe3 Rh4 44.Kg2 Kc7
45.Rd2 Kd7 46.Rf2 Ke6 47.Rxf4 Qxf4 48.Qxf4 Rxf4 49.Ne2 Re4 50.Kf3 Kd7 51.Kf2 Ke8
52.Kf3 Kf8 53.Kf2 Kg8 54.Kf3 Kh7 55.Kf2 Kg6 56.Kf3 Kg5 57.h3 Rh4 58.Kg3 Rh8
59.Ng1 Kf5 60.Nf3 Rg8+ 61.Kf2 Kf4 62.h4 Rg3 63.Ng5 Rxb3 64.Nxf7 Rb2+ 65.Ke1 Ke3
66.Kd1 Kd3 67.Kc1 Kc3  0-1

[Event "6th Geller Memorial Open A"]
[Site "Odessa UKR"]
[Date "2010.08.23"]
[Round "3"]
[White "Grigoryev,A"]
[Black "Baranov,J"]
[Result "0-1"]
[WhiteElo "1867"]
[BlackElo "2142"]

1.c4 c6 2.Nc3 d5 3.cxd5 cxd5 4.d4 Nf6 5.Nf3 Nc6 6.Bg5 Ne4 7.e3 Nxg5 8.Nxg5 e6
9.Nf3 Bd6 10.Bd3 O-O 11.Rc1 Bd7 12.O-O f5 13.Bb1 Rc8 14.a3 Na5 15.Ne5 Nc4
16.Nxc4 Rxc4 17.f4 Qb6 18.Qd2 Rc7 19.Rf3 Qa5 20.g4 g6 21.gxf5 gxf5 22.Rg3+ Kh8
23.Kh1 Rcc8 24.Rcg1 Rf7 25.Ne4 Qxd2 26.Nxd2 Be7 27.Nf3 Bf6 28.h4 Rg7 29.Rxg7 Bxg7
30.Kg2 Bf6 31.Kf2 Be8 32.Ng5 Rc6 33.Ke2 Bh5+ 34.Kf2 h6 35.Bd3 a5 36.b4 Rc3
37.Bb1 axb4 38.axb4 Rb3 39.Nxe6 Bxh4+ 40.Kg2 Rb2+ 41.Kh3 Bf2 42.Rg2 Bg4+
43.Kh2 Bf3 44.Rxf2 Rxf2+ 45.Kg3 Rb2 46.Bxf5 Be4 47.Bxe4 dxe4 48.d5 Re2 49.f5 Rxe3+
50.Kf4 Re1 51.d6 Rd1 52.Ke5 e3 53.Nd4 Kg7 54.f6+ Kf7 55.d7 e2 56.d8=N+ Kg6
57.Nxe2 Rxd8 58.Nf4+ Kf7 59.Kf5 Rd6 60.Ke5 Rxf6 61.Nd5 Rg6 62.Nf4 Rb6 63.Nd3 Ke7
64.Kf5 Rb5+ 65.Ne5 Rxe5+ 66.Kxe5 Kd7 67.Kd5 Kc7  0-1

[Event "Centenary GM"]
[Site "Dun Laoghaire IRL"]
[Date "2010.08.24"]
[Round "4"]
[White "Rochev,Y"]
[Black "Baburin,A"]
[Result "1/2-1/2"]
[WhiteElo "2395"]
[BlackElo "2549"]

1.c4 c6 2.e4 d5 3.cxd5 cxd5 4.exd5 Nf6 5.Qa4+ Nbd7 6.Nc3 g6 7.Nf3 Bg7 8.Bc4 O-O
9.d3 a6 10.Qa3 Nb6 11.Qb3 Nxc4 12.dxc4 b5 13.O-O e6 14.cxb5  1/2-1/2

[Event "BDO Challengers"]
[Site "Haarlem NED"]
[Date "2010.08.24"]
[Round "4"]
[White "Bosboom,M"]
[Black "Manea,Al"]
[Result "1-0"]
[WhiteElo "2455"]
[BlackElo "2390"]

1.c4 c6 2.Nf3 d5 3.e3 Nf6 4.Nc3 a6 5.b3 b5 6.Bb2 Bg4 7.Rc1 Nbd7 8.cxd5 cxd5
9.Ne2 e6 10.Ned4 Bd6 11.h3 Bxf3 12.gxf3 O-O 13.Rg1 Rc8 14.Rxc8 Qxc8 15.Bd3 Ne5
16.Bb1 Ng6 17.f4 Re8 18.Nf3 Qd8 19.h4 Qe7 20.Qc1 Kh8 21.Ng5 Nf8 22.Qc6 Rd8
23.Qxa6 b4 24.Qf1 Ne8 25.h5 h6 26.Nf3 f5 27.Nd4 Qd7 28.Qh3 Nf6 29.Bxf5 exf5
30.Nxf5 Qe6 31.Rxg7 Bxf4 32.Re7 Qc6 33.Qg2 Bg5 34.f4 Qc2 35.Qxg5  1-0

[Event "Centenary IM"]
[Site "Dun Laoghaire IRL"]
[Date "2010.08.25"]
[Round "5"]
[White "Griffiths,R"]
[Black "Rodriguez Lopez,Ra"]
[Result "1/2-1/2"]
[WhiteElo "2249"]
[BlackElo "2312"]

1.c4 c6 2.d4 d5 3.Nf3 Nf6 4.e3 e6 5.b3 c5 6.Bd3 cxd4 7.exd4 Bb4+ 8.Bd2 Bxd2+
9.Qxd2 dxc4 10.bxc4 Nc6 11.Qc3 O-O 12.O-O b6 13.Nbd2 Bb7 14.Rad1 Rc8 15.Rfe1 Qd6
16.Ne4 Nxe4 17.Bxe4 Na5 18.c5 Bxe4 19.Rxe4 Rxc5 20.dxc5 Qxd1+ 21.Re1 Qd5
22.cxb6 axb6 23.Qc7 Qd8 24.Qxd8 Rxd8 25.Rb1 Rd6 26.Kf1 Kf8 27.Ke2 Ke7 28.Rb4 f6
29.Nd4 Nc6 30.Nxc6+ Rxc6 31.a4 Kd6 32.Kd3 Kc7 33.Rb5 Rd6+ 34.Ke3 Rd5 35.Rb4 Kc6
36.f4 Rc5 37.h4 Rc3+ 38.Kf2 Ra3 39.g3 h5 40.Kg2 Kc5 41.Rb5+ Kd4 42.Rxb6 e5
43.fxe5 fxe5 44.g4 hxg4 45.Rb4+ Kd3 46.Rxg4 e4 47.Rxg7 Ke2 48.Rb7 Rxa4 49.Rb2+ Kd3
50.Rb3+ Kc4 51.Rg3 Ra2+ 52.Kf1 Kd4 53.Ke1 Rh2 54.Ra3 Rxh4 55.Ke2 Rh2+ 56.Ke1 Ke5
57.Rb3 Ra2 58.Rh3 Kf4 59.Rb3 Rg2 60.Ra3 Rg3 61.Rxg3 Kxg3 62.Ke2 Kf4 63.Kf2 e3+
64.Ke2 Ke4 65.Ke1 Kd4 66.Ke2 Ke4 67.Ke1 Kd3 68.Kd1 e2+ 69.Ke1 Ke3  1/2-1/2